000
00273 a2200145 4500
001
64190
020
_a
9788576592860
040
_c
Anchieta - Pituba
240
1
0
_a
Logman
_l
eng
245
1
0
_a
Logman
300
_a
770
362
0
_a
2008
650
4
_a
Inglesas
942
_c
BK
999
_c
64190
_d
64190